[Event "European Team Championship (Women)"]
[Site "Hersonissos GRE"]
[Date "2017.10.30"]
[EventDate "2017.10.28"]
[Round "3.3"]
[Result "1/2-1/2"]
[White "Kubra Ozturk"]
[Black "Ana Matnadze"]
[WhiteElo "2364"]
[BlackElo "2368"]
[PlyCount "50"]

1. d4 Nf6 2. c4 e6 3. g3 d5 4. Bg2 Bb4+ 5. Bd2 Be7 6. Nf3 c6
7. Qc2 Nbd7 8. O-O b6 9. cxd5 cxd5 10. Qc6 Ba6 11. Nc3 O-O
12. Rac1 Qc8 13. Qa4 Qb7 14. Nb5 Rac8 15. Bf4 Bxb5 16. Qxb5
Ne4 17. Ne5 Nxe5 18. Bxe5 g5 19. Bxe4 dxe4 20. Bd6 Bxd6
21. Qxg5+ Kh8 22. Qf6+ Kg8 23. Qg5+ Kh8 24. Qf6+ Kg8 25. Qg5+
Kh8 1/2-1/2

[Event "European Team Championship (Women)"]
[Site "Hersonissos GRE"]
[Date "2017.10.31"]
[EventDate "2017.10.28"]
[Round "4.7"]
[Result "0-1"]
[White "Tereza Rodshtein"]
[Black "Kubra Ozturk"]
[WhiteElo "2233"]
[BlackElo "2364"]
[PlyCount "152"]

1. e4 e5 2. Nf3 Nc6 3. Bc4 Bc5 4. O-O Nf6 5. d3 d6 6. c3 a6
7. a4 Bb6 8. Nbd2 O-O 9. h3 h6 10. Re1 Nh5 11. Nf1 Qf6 12. Be3
Bxe3 13. Nxe3 Nf4 14. Nd5 Nxd5 15. Bxd5 Ne7 16. Bc4 Bd7 17. d4
Rad8 18. b4 Ng6 19. Bf1 Nf4 20. Re3 Rfe8 21. Kh2 g5 22. g3 Ng6
23. Ra2 h5 24. Rd2 Bc8 25. Kg1 Kg7 26. dxe5 dxe5 27. Rxd8 Rxd8
28. Rd3 Rh8 29. c4 g4 30. hxg4 hxg4 31. Ne1 Qg5 32. Bg2 Be6
33. Rc3 Rd8 34. Rd3 Rxd3 35. Nxd3 Bxc4 36. Bf1 Be6 37. Nc5 Bc8
38. Qd5 Qe7 39. Bc4 c6 40. Qd2 a5 41. Bb3 Nf8 42. Qc3 axb4
43. Qxb4 Nd7 44. Nd3 Qxb4 45. Nxb4 Nc5 46. Bc2 Kf6 47. Kf1 Ke7
48. Ke2 Ne6 49. Bd1 Kd6 50. Ke3 Nd4 51. Nd3 Be6 52. Kd2 c5
53. Kc3 b5 54. axb5 Nxb5+ 55. Kd2 c4 56. Ne1 Kc5 57. Ba4 Nd6
58. Ke3 Kb4 59. Bc6 f6 60. f3 Kb3 61. f4 c3 62. Nd3 Nc4+
63. Ke2 c2 64. Bb5 Kc3 65. Ba4 Nb2 66. Bxc2 Kxc2 67. Nb4+ Kc3
68. Nc6 Bc4+ 69. Kf2 Bb5 70. Ne7 Kd2 71. Ng8 Nd3+ 72. Kg1 exf4
73. gxf4 Nxf4 74. Nxf6 g3 75. e5 Bc6 76. e6 Nh3+ 0-1

[Event "European Team Championship (Women)"]
[Site "Hersonissos GRE"]
[Date "2017.11.01"]
[EventDate "2017.10.28"]
[Round "5.5"]
[Result "1-0"]
[White "Kubra Ozturk"]
[Black "Darja Kaps"]
[WhiteElo "2364"]
[BlackElo "2196"]
[PlyCount "71"]

1. d4 Nf6 2. c4 c5 3. d5 e6 4. Nc3 exd5 5. cxd5 d6 6. Nf3 g6
7. Bf4 Bg7 8. Qa4+ Bd7 9. Qb3 Qc7 10. e4 O-O 11. Nd2 Nh5
12. Be3 Na6 13. Be2 Rab8 14. O-O Qd8 15. a4 Nb4 16. Nc4 Qe7
17. Bxh5 gxh5 18. Bf4 Be5 19. Nxe5 dxe5 20. Bh6 Rfd8 21. Qd1
Bg4 22. f3 Bc8 23. f4 Bg4 24. Qd2 Rd6 25. Bg5 Qe8 26. f5 h4
27. Bf6 h6 28. Qxh6 Rxf6 29. Qg5+ Kh7 30. Qxf6 Qd8 31. Qxf7+
Kh8 32. Qg6 Qg8 33. Qf6+ Qg7 34. Qxh4+ Kg8 35. h3 Nc2 36. Qxg4
1-0

[Event "European Team Championship (Women)"]
[Site "Hersonissos GRE"]
[Date "2017.11.03"]
[EventDate "2017.10.28"]
[Round "6.3"]
[Result "1-0"]
[White "Desiree Di Benedetto"]
[Black "Kubra Ozturk"]
[WhiteElo "2190"]
[BlackElo "2364"]
[PlyCount "99"]

1. c4 e5 2. g3 Nf6 3. Bg2 c6 4. Nf3 e4 5. Nd4 d5 6. d3 Bc5
7. Nb3 Bb4+ 8. Bd2 Bxd2+ 9. Qxd2 Qe7 10. cxd5 cxd5 11. Nc3 O-O
12. dxe4 dxe4 13. Qf4 Re8 14. Nd2 e3 15. fxe3 Na6 16. O-O Nc5
17. Nc4 Be6 18. Nd6 Red8 19. Rad1 Ne8 20. Nxe8 Rxe8 21. b4 Nd7
22. Nb5 Rf8 23. Nc7 Rad8 24. Nxe6 Qxe6 25. Bd5 Qe7 26. Bxb7
Ne5 27. Bd5 Rb8 28. Rd4 Ng6 29. Qe4 Qc7 30. a3 Kh8 31. Kg2
Rbe8 32. Qf3 Ne5 33. Qf4 Qe7 34. e4 f6 35. Rc1 Rc8 36. Rdd1
Rxc1 37. Rxc1 a5 38. Rc5 axb4 39. axb4 Qa7 40. Qc1 Qb6 41. Qc3
h5 42. Rc8 Rxc8 43. Qxc8+ Kh7 44. Qf5+ Kh6 45. Qf4+ g5 46. Qf2
Qd6 47. Qc5 Qa6 48. b5 Qa5 49. Qf8+ Kg6 50. Be6 1-0

[Event "European Team Championship (Women)"]
[Site "Hersonissos GRE"]
[Date "2017.11.04"]
[EventDate "2017.10.28"]
[Round "7.5"]
[Result "0-1"]
[White "Silvia (Aleksieva) Collas"]
[Black "Kubra Ozturk"]
[WhiteElo "2288"]
[BlackElo "2364"]
[PlyCount "78"]

1. Nf3 Nf6 2. c4 c5 3. g3 d5 4. cxd5 Nxd5 5. Bg2 Nc6 6. Nc3
Nc7 7. O-O e5 8. d3 Be7 9. Nd2 O-O 10. Nc4 f6 11. a3 Bd7
12. Rb1 b5 13. Ne3 b4 14. Ncd5 Rb8 15. a4 Be6 16. Nxe7+ Nxe7
17. b3 Ncd5 18. Bd2 Nc6 19. Nc4 Qd7 20. Rc1 Rbc8 21. f4 exf4
22. gxf4 Bg4 23. Rf2 Nd4 24. Ne3 Nxe3 25. Bxe3 Be6 26. Rc4
Bxc4 27. bxc4 Kh8 28. Bd5 Rb8 29. Bc1 b3 30. Bb2 Qg4+ 31. Kh1
Rfe8 32. Be4 f5 33. Bd5 Rxe2 34. Bf3 Rxf2 35. Bxg4 fxg4
36. Qxg4 Rxb2 37. Qh5 Rb1+ 38. Kg2 b2 39. Qxc5 Rg1+ 0-1

[Event "European Team Championship (Women)"]
[Site "Hersonissos GRE"]
[Date "2017.11.05"]
[EventDate "2017.10.28"]
[Round "8.1"]
[Result "0-1"]
[White "Kubra Ozturk"]
[Black "Valentina Gunina"]
[WhiteElo "2364"]
[BlackElo "2502"]
[PlyCount "64"]

1. d4 Nf6 2. c4 e6 3. g3 Bb4+ 4. Nd2 c5 5. a3 Bxd2+ 6. Qxd2
cxd4 7. Qxd4 Nc6 8. Qf4 d5 9. Nf3 O-O 10. Bg2 dxc4 11. Qxc4 e5
12. O-O Be6 13. Qa4 e4 14. Rd1 Qb6 15. Nd4 Nxd4 16. Rxd4 a5
17. Qd1 Bb3 18. Rd6 Rad8 19. Bf4 Qb5 20. a4 Bxd1 21. axb5 Bxe2
22. Rxa5 g5 23. Ra1 gxf4 24. Rxf6 f3 25. Bf1 Rd2 26. h4 Rfd8
27. Kh2 Rxb2 28. g4 e3 29. Rf5 Bxf1 30. Rxf1 e2 31. Ra1 Re8
32. Re1 Rd2 0-1

[Event "European Team Championship (Women)"]
[Site "Hersonissos GRE"]
[Date "2017.11.06"]
[EventDate "2017.10.28"]
[Round "9.4"]
[Result "0-1"]
[White "Kubra Ozturk"]
[Black "Inna Gaponenko"]
[WhiteElo "2364"]
[BlackElo "2433"]
[PlyCount "84"]

1. d4 Nf6 2. c4 e6 3. g3 c5 4. d5 exd5 5. cxd5 d6 6. Nc3 g6
7. Bg2 Bg7 8. Nf3 O-O 9. O-O Re8 10. Bf4 Bf5 11. Nh4 Bg4
12. Qd2 Nh5 13. Bg5 Bf6 14. Bxf6 Qxf6 15. h3 Bd7 16. b4 g5
17. Ne4 Rxe4 18. Bxe4 gxh4 19. Bf3 Ng7 20. bxc5 dxc5 21. g4
Na6 22. Bg2 h5 23. g5 Qd4 24. Qc1 Nf5 25. g6 Qg7 26. e4 Nd4
27. gxf7+ Kxf7 28. Qf4+ Qf6 29. Qxf6+ Kxf6 30. f4 Ne2+ 31. Kh2
Rg8 32. Rf2 Ng3 33. e5+ Kf5 34. e6 Bc8 35. Re1 Nb4 36. Re5+
Kf6 37. Rd2 c4 38. Rd4 b5 39. a3 Nd3 40. Rg5 Rd8 41. Bf3 Bxe6
42. Bxh5 Nxf4 0-1